000 00387 a2200157 4500
001 61090
020 _a0521564697
040 _cAnchieta - Pituba
100 _aSandy, Chuck
240 1 0 _aAn upper-level mult-skills course passages
_lIng
245 1 0 _aAn upper-level mult-skills course passages
300 _a118
362 0 _a2002
650 4 _aInglês e inglês antigo
942 _cBK
999 _c61090
_d61090